| 000 | 00803nam a2200193Ii 4500 | ||
|---|---|---|---|
| 003 | JO-AjNU | ||
| 008 | 230605s9999||||xx |||||||||||||| ||und|| | ||
| 040 |
_aJO-AjNU _bara _erda _cJO-AjNU |
||
| 041 | _aara | ||
| 050 | 1 | 4 | _aKRM3647.T3834 |
| 100 | 3 |
_aفرج، توفيق حسن, _eauthor _946530 |
|
| 245 | 0 | 0 | _aقواعد الإثبات في المواد المدنية والتجارية |
| 264 | 3 | 1 | _aالاسكندرية : مؤسسة الثقافة الجامعية ، 1900 |
| 300 | _a207ص | ||
| 336 |
_atext _btxt _2rdacontent |
||
| 337 |
_aunmediated _bn _2rdamedia |
||
| 338 |
_avolume _bnc _2rdacarrier |
||
| 650 | 4 |
_aالإثبات (قانون) -- مصر-- القانون المدني -- مصر -- القانون التجاري -- مصر -- المحاكمات المدنية -- مصر _946531 |
|
| 999 |
_aA20250 _c23818 _d23818 |
||